Organizacje według państw #3 - Statystyki

Ogólne statystyki
  • Ten quiz został rozwiązany 10 razy
  • Średni wynik to 18 z 33
Odpowiedzi na mapie
Odpowiedzi zakodowano w zielono-czerwonej skali na mapie do tego quizu, zgodnie z poniższymi procentami.
 
Statystyki odpowiedzi
Podpowiedź Państwo % Poprawnych
Prawie każdy obywatel tego państwa ma rower Holandia
100%
Ogłosiło swoją niepodległość od Jugosławii 25 czerwca 1991 roku Słowenia
86%
Zamek Windsor znajdujący się w tym państwie jest najstarszą rezydencją królewską Wielka Brytania
86%
Powstał tam pierwszy saksofon Belgia
71%
Dzieli najwyższy szczyt w Europie z Włochami Francja
71%
Znajduje się tam najbardziej wysunięty punkt na zachód w Europie Portugalia
71%
Jedyne państwo azjatyckie które jest w tej organizacji Turcja
71%
Składa się z aż 1244 wysp Chorwacja
57%
Najdłuższą rzeką w tym państwie jest Tara Czarnogóra
57%
Znajdziemy tam dwa podzielone miasta. Jedno to Cieszyn dzielone z Polską a drugie to Gmund dzielone z Austrię Czechy
57%
Było pierwszym państwem które przeprowadziło głosowanie w wyborach parlamentarnych przez internet Estonia
57%
Najbardziej zalesione państwo Europy Finlandia
57%
Nazwa tego państwa w jego języku to Ελλάδα Grecja
57%
Największe państwo w tej organizacji Kanada
57%
Organizacja NATO
57%
Jest najludniejszym państwem Unii Europejskiej Niemcy
57%
Najcieplejszym jego miastem jest Tarnów Polska
57%
70% tego państwa zajmują wyżyny i pasma górskie Rumunia
57%
Pierwszy diabelski młyn powstał w tym państwie Stany Zjednoczone
57%
Przez dołączenie do tej organizacji w 2024 roku przestało być neutralne po ponad 200 latach swojej neutralności Szwecja
57%
Pierwsze lody powstały w tym państwie Włochy
57%
Podczas II wojny światowej było częścią Włoch Albania
43%
Jedyne państwo europejskie które nie zmieniło swojej nazwy od momentu jego założenia Bułgaria
43%
Jest największym eksporterem mięsa oraz futer na świecie Dania
43%
Wynaleziono tam beret czy mopa Hiszpania
43%
Najsłynniejszym wodospadem w tym państwie jest Gullfoss Islandia
43%
Jego walutą przed euro był lit Litwa
43%
Uļjana Semjonova pochodząca z tego państwa była pierwszą koszykarską spoza Stanów Zjednoczonych Ameryki, która znalazła się Izbie Sław NBA Łotwa
43%
Oprócz swojego własnego języka językami urzędowymi w tym państwie są francuski i niemiecki Luksemburg
43%
Ulubionym tam trunkiem jest Alevitt Norwegia
43%
Angelina Jolie, Audrey Hepburn i Andy Warhole pochodzili z tego państwa Słowacja
43%
Jedno z jego miast Orchyda jest nazywana "Jerozolimą Bałkanów" Macedonia Północna
29%
Obowiązuje tam najwyższa stawka VAT w Europie – 27% Węgry
29%
Nie znaleziono quizów pasujących do podanych kryteriów
Rozkład punktacji
Procent ludzi z każdym wynikiem
Percentyl według liczby udzielonych odpowiedzi
Twoja historia wyników
Nie rozwiązałeś tego quizu